[Event "Sautron op 13th"]
[Site "Sautron"]
[Date "2013.10.??"]
[Round "1"]
[White "Broin, Christian"]
[Black "Hocquard, Herve"]
[Result "1-0"]
[WhiteElo "1671"]
[BlackElo "1793"]
[PlyCount "51"]
[EventDate "2013.10.26"]
[EventType "swiss"]
[EventRounds "9"]
[EventCountry "FRA"]
[SourceTitle "EXT 2016"]
[Source "ChessBase"]
[SourceDate "2015.10.08"]
[SourceVersion "1"]
[SourceVersionDate "2015.10.08"]
[SourceQuality "1"]

1. c4 Nf6 2. g3 c5 3. Bg2 d5 4. cxd5 Nxd5 5. Nc3 Nb6 6. Nf3 Nc6 7. 0-0 e5 8. d3 Be7 9. Be3 0-0 10. Rc1 Nd7 11. Nd5 Bd6 12. Nd2 Nb6 13. Nb3 Nb4 14. Nxb4 cxb4 15. Nc5 Rb8 16. Qc2 Re8 17. Rfd1 f5 18. Qb3+ Kh8 19. d4 Qf6 20. dxe5 Bxe5 21. Nd3 Bd6 22. Nc5 f4 23. Bd4 Qg6 24. e3 fxg3 25. hxg3 Bg4 26. Rd2 1-0